| 000 | 00890cab a2200229 4500 | ||
|---|---|---|---|
| 001 | ABS58027 | ||
| 008 | 090401t1997 xxu||||| |||| 00| 0 eng d | ||
| 035 | _a(Sirsi) u82915 | ||
| 041 | _aeng | ||
| 245 | 4 | _aThe Confined Spaces Regulations 1997 | |
| 260 | _c1997 | ||
| 350 | _a0 | ||
| 490 |
_aHealth and Safety Bulletin _v(264) December 1997, 9-10(2) |
||
| 520 | _aDetails the main requirements of the Confined Spaces Regulations 1997 which come into force on 28 January 1998. Provides definition of a confined space, employers` duties and responsibilities, avoiding the need for entry, safe systems of working, and emergency and rescue procedures. | ||
| 650 | _aCONFINED SPACES REGULATIONS 1997 | ||
| 650 | _aCONFINED SPACES | ||
| 650 |
_aHEALTH AND SAFETY _96244 |
||
| 650 | _aWORKSPACE | ||
| 690 | _aBUILT ENVIRONMENT-BUILDING STANDARDS | ||
| 942 | _n0 | ||
| 948 | _c05/01/1998 | ||
| 999 |
_c52371 _d52371 |
||